| 000 | 00673nam a2200229Ia 4500 | ||
|---|---|---|---|
| 003 | OSt | ||
| 005 | 20220926043554.0 | ||
| 006 | a|||||r|||| 00| 0 | ||
| 007 | ta | ||
| 008 | 220923b |||||||| |||| 00| 0 eng d | ||
| 037 | _cGeneral Book | ||
| 040 |
_aRTL _cRTL _beng |
||
| 041 |
_2eng _aeng |
||
| 082 | _aX9 (J).252.N5, Ko-; 1 | ||
| 100 |
_aMuhammad Shafi _9347955 |
||
| 245 | 0 | _aLand utilization in Eastern Uttarpradesh | |
| 260 | _c1960 | ||
| 490 | _aPublication of the Department of Geography, Muslim University Aligarh | ||
| 650 | _aUttar Pradesh | ||
| 942 |
_hX9 (J).252.N5, Ko-; 1 _cGB _2CC |
||
| 999 |
_c672686 _d672686 |
||